Analytic functions of several complex variables /
Guardado en:
| Autor Principal: | |
|---|---|
| Otros Autores: | |
| Formato: | Libro |
| Idioma: | English |
| Publicado: |
Englewood Cliffs, N.J. :
Prentice-Hall,
c1965.
|
| Series: | Prentice-Hall series in modern analysis
|
| Etiquetas: |
Agregar Etiqueta
Sin Etiquetas, Sea el primero en etiquetar este registro!
|
| LEADER | 00747cam a22002055 4500 | ||
|---|---|---|---|
| 001 | MAT.inmabb001886 | ||
| 008 | 840622s1965####njua#####b####001#0#eng#d | ||
| 005 | 20130323063144.0 | ||
| 245 | 1 | 0 | |a Analytic functions of several complex variables / |c Robert C. Gunning, Hugo Rossi. |
| 260 | |a Englewood Cliffs, N.J. : |b Prentice-Hall, |c c1965. | ||
| 300 | |a xii, 317 p. : |b il. ; |c 24 cm. | ||
| 440 | 0 | |a Prentice-Hall series in modern analysis | |
| 504 | |a "References": p. 296. Bibliografía: p. 297-311. | ||
| 510 | 4 | |a MR, |c 31 #4927 | |
| 100 | 1 | |a Gunning, R. C. |q (Robert Clifford), |d 1931- | |
| 700 | 1 | |a Rossi, Hugo. | |
| 084 | |a 32 |2 msc2000 | ||
| 010 | |a 65011674 | ||
| 859 | |h 32 |i G976 |p A-3368 |b BIB. MATEMATICA | ||
| 859 | |h 32 |i G976 |p A-6222 |t Ej. 2 |b BIB. MATEMATICA | ||
